000 00580nam a22001817a 4500
003 UA-OsUOA
001 8843
007 ta
008 20040921b un ||||| |||| 00| 0 ukr d
100 _aМаткобожик М.
942 _cSA
040 _aUA-OsUOA
_cUA-OsUOA
_dUA-OsUOA
245 _a" Зріднився з мовчанням великим " : Творчий профіль Миколи Семенюка
300 _aС.6
955 _a0
773 0 _w0
_tЛітературна Украіна
_dКиїв
_d2004
_g№36
650 7 _aЛітературознавство
_2UDC
999 _c295004
_d295004